000 00390nam a2200157Ia 4500
008 220803s9999 xx 000 0 und d
020 _a9788496424777
041 _aeng
082 _a712.36 KRA
100 _aKrauel J
_925878
245 _aLandscape Design Promenades
260 _aSpain
_bLinks Book
_c2008
300 _a180p
500 _aARCHI
650 _aLandscape Architecture
_925879
999 _c16593
_d16593